000 00856nam a2200241Ia 4500
003 OSt
005 20221005105013.0
006 a|||||r|||| 00| 0
007 ta
008 221004b |||||||| |||| 00| 0 hin d
024 _a109933
037 _cTextual
040 _aCRL
_cCRL
_bhin
041 _2hin
_ahin
082 _aO152,6N12w, P2
100 _aप्रकाश मनु
245 0 _aराम विलास शर्मा
_b अंतरंग स्मृतियां और मुलाकातें
246 _aRām vilās sharmā: aantaranga smṛutiyāan aur mulākātean
260 _aदिल्ली
_bस्वराज प्रकाशन भारत
_c2002
300 _a208पृ0
_ccm.
942 _hO152,6N12w, P2
_cTEXL
_2cc
999 _c1014438
_d1014438